000 00614nam a2200229Ia 4500
003 OSt
005 20220928104902.0
006 a|||||r|||| 00| 0
007 ta
008 220927b |||||||| |||| 00| 0 eng d
024 _a58924
037 _cTextual
040 _aSDCL
_cSDCL
_beng
041 _2eng
_aeng
082 _aO152,3N5:g, L8
100 _aKadave H K
_9412679
245 0 _aHindi upanyasown men anchalikta ki pravatti.
260 _aKanpur
_bAnnpurna Prakashan
_c1978
300 _a314p.
_ccm.
942 _hO152,3N5:g, L8
_cTEXL
_2CC
999 _c728425
_d728425